Essentials Of Biochemistry (Record no. 20929)

MARC details
000 -LEADER
fixed length control field 00362nam a22001577a 4500
003 - CONTROL NUMBER IDENTIFIER
control field SGT
020 ## - INTERNATIONAL STANDARD BOOK NUMBER
International Standard Book Number 9788193897492
082 ## - DEWEY DECIMAL CLASSIFICATION NUMBER
Classification number 612.015
Item number E20S
100 ## - MAIN ENTRY--PERSONAL NAME
Personal name Satyanarayana, U
245 ## - TITLE STATEMENT
Title Essentials Of Biochemistry
250 ## - EDITION STATEMENT
Edition statement 3RD
260 ## - PUBLICATION, DISTRIBUTION, ETC. (IMPRINT)
Place of publication, distribution, etc NEW DELHI
Name of publisher, distributor, etc Books & Allied Pvt Ltd
Year of Publication 2020
300 ## - PAGE DESCRIPTION
No. of Pages 1-441
650 ## - SUBJECT ADDED ENTRY--TOPICAL TERM
Topical term or geographic name as entry element Biochemistry
942 ## - ADDED ENTRY ELEMENTS (KOHA)
Source of classification or shelving scheme Dewey Decimal Classification
Koha item type Books
942 ## - ADDED ENTRY ELEMENTS (KOHA)
-- 5
Holdings
Withdrawn status Lost status Source of classification or shelving scheme Damaged status Not for loan Home library Current library Shelving location Date acquired Vendor Name Cost, normal purchase price SGTU Bill Number Total Checkouts Full call number Accession No. (Barcode) Date last seen Date last borrowed Bill Date Koha item type Total Renewals
    Dewey Decimal Classification     SGT Dental Library SGT Dental Library Text Book 08/03/2021 AHUJA BOOK COMPANY 775.00 SGTU 12616 6 612.015 E20S FD8361 04/06/2026 22/05/2026 27/01/2021 Books  
    Dewey Decimal Classification     SGT Dental Library SGT Dental Library Text Book 08/03/2021 AHUJA BOOK COMPANY 775.00 SGTU 12616 3 612.015 E20S FD8362 29/07/2025 01/07/2025 27/01/2021 Books 1